Landlord and tenant - rent reviews (Record no. 66994)

MARC details
000 -LEADER
fixed length control field 01170cam a2200205 4500
001 - CONTROL NUMBER
control field WB3719-23
008 - FIXED-LENGTH DATA ELEMENTS--GENERAL INFORMATION
fixed length control field 000000n2001 000 0 eng u
035 ## - SYSTEM CONTROL NUMBER
System control number (Sirsi) u112561
245 ## - TITLE STATEMENT
Title Landlord and tenant - rent reviews
260 ## - PUBLICATION, DISTRIBUTION, ETC.
Date of publication, distribution, etc. 2001
490 ## - SERIES STATEMENT
Series statement Estates Gazette
Volume/sequential designation [2001] 19 EG 139 (CS) (12/5/01)
520 ## - SUMMARY, ETC.
Summary, etc. "McDonald's Property Co Ltd v HSBC Bank plc", ChD 25 April 2001. A occupied a building for a 21-year term that commenced in June 1991. The rent was subject to an upwards-only review every 7 years. Landlord (B) was entitled to initiate the review, and in August 1999 served a notice proposing an annual rent for the 7-year period commencing 1998. A contended that the notice was too late. B claimed that the court was bound by the rule affirmed by HL - that time was not of the essence in rent review clauses. "Held": judgment was given for B.
590 ## - LOCAL NOTE (RLIN)
Local note WB
650 ## - SUBJECT ADDED ENTRY--TOPICAL TERM
Topical term or geographic name entry element MCDONALD'S PROPERTY CO LTD V HSBC BANK
650 ## - SUBJECT ADDED ENTRY--TOPICAL TERM
Topical term or geographic name entry element RENT REVIEWS
650 ## - SUBJECT ADDED ENTRY--TOPICAL TERM
Topical term or geographic name entry element UNITED SCIENTIFIC HOLDINGS LTD V BURNLEY BC
650 ## - SUBJECT ADDED ENTRY--TOPICAL TERM
Topical term or geographic name entry element CHEAPSIDE LAND DEVELOPMENT CO V MESSELS SERVICE CO
690 ## - LOCAL SUBJECT ADDED ENTRY--TOPICAL TERM (OCLC, RLIN)
Topical term or geographic name as entry element LANDLORD AND TENANT-RENT REVIEWS-CASE LAW
942 ## - ADDED ENTRY ELEMENTS (KOHA)
Suppress in OPAC 0
Holdings
Withdrawn status Lost status Source of classification or shelving scheme Damaged status Not for loan Home library Current library Shelving location Date acquired Total Checkouts Full call number Barcode Date last seen Copy number Price effective from Koha item type
    Dewey Decimal Classification     London London News article 15/05/2001   WB3719-23 112561-1001 06/08/2019 1 06/08/2019 Law report